[Event "Africa-ch"]
[Site "Abuja"]
[Date "2003.10.16"]
[Round "8"]
[White "Ahmed, Esam Aly"]
[Black "Van den Heever, Donovan"]
[Result "1-0"]
[WhiteElo "2408"]
[BlackElo "2035"]
[PlyCount "119"]
[EventDate "2003.10.10"]
[EventType "swiss"]
[EventRounds "9"]
[EventCountry "NGR"]
[SourceTitle "CBM 096 Extra"]
[Source "ChessBase"]
[SourceDate "2003.10.22"]
[SourceVersion "2"]
[SourceVersionDate "2003.10.20"]
[SourceQuality "1"]

1. e4 c5 2. Nf3 d6 3. d4 cxd4 4. Nxd4 Nf6 5. Nc3 Nc6 6. Be3 Ng4 7. Bb5 Nxe3 8. Nxc6 Nxd1 9. Nxd8+ Kxd8 10. Rxd1 a6 11. Bd3 e6 12. Ne2 g6 13. Nd4 Bg7 14. Be2 Ke7 15. 0-0 Bd7 16. Rd2 Rac8 17. c4 Rhd8 18. Rfd1 Be8 19. Nb3 Ba4 20. Rf1 Bc6 21. Bd3 b6 22. Re2 a5 23. h3 Rb8 24. Rd1 a4 25. Nc1 Ra8 26. Rc2 Rdc8 27. Ne2 Bb7 28. Nc3 Ra5 29. Nb5 Bc6 30. Re2 Bxb5 31. cxb5 a3 32. b3 Bd4 33. Bc4 e5 34. Kf1 Ra7 35. Rd3 Rac7 36. f4 Rf8 37. g3 Kf6 38. Kg2 Kg7 39. g4 Rfc8 40. Red2 Bc5 41. f5 Rd8 42. Rf3 f6 43. h4 Rf8 44. Rd1 Kh8 45. fxg6 Rg7 46. Rdf1 Rxg6 47. g5 Kg7 48. Be6 d5 49. Bf5 dxe4 50. Bxe4 f5 51. Rxf5 Rxf5 52. Rxf5 Rd6 53. h5 Rd2+ 54. Kh3 h6 55. b4 Bxb4 56. g6 Rxa2 57. Rf7+ Kg8 58. Ra7 Rd2 59. Bf5 Rd6 60. Bc2 1-0

[Event "Africa-ch"]
[Site "Abuja"]
[Date "2003.10.15"]
[Round "7"]
[White "Molale, Ofentse"]
[Black "Ahmed, Esam Aly"]
[Result "0-1"]
[WhiteElo "2181"]
[BlackElo "2408"]
[PlyCount "104"]
[EventDate "2003.10.10"]
[EventType "swiss"]
[EventRounds "9"]
[EventCountry "NGR"]
[SourceTitle "CBM 096 Extra"]
[Source "ChessBase"]
[SourceDate "2003.10.22"]
[SourceVersion "2"]
[SourceVersionDate "2003.10.20"]
[SourceQuality "1"]

1. e4 c5 2. d4 cxd4 3. c3 d5 4. exd5 Qxd5 5. cxd4 Nc6 6. Nf3 Bg4 7. Be2 Bxf3 8. Bxf3 Qc4 9. Be3 e6 10. Nd2 Qb5 11. a4 Qa6 12. Be2 Qa5 13. 0-0 Qd8 14. Qb3 Rb8 15. Rac1 Bd6 16. Ne4 Nge7 17. Rfd1 Nd5 18. Bg5 Qc7 19. Nxd6+ Qxd6 20. Bh4 Qb4 21. Qc2 0-0 22. Qe4 Qxb2 23. Bd3 g6 24. Bc4 Rbc8 25. Bxd5 exd5 26. Qe3 Rfe8 27. Qf4 Nxd4 28. Rxc8 Rxc8 29. Bf6 Ne2+ 30. Kf1 Qb3 31. Qd2 Nf4 32. Re1 Qc4+ 33. Kg1 Qc1 34. Rxc1 Rxc1+ 35. Qxc1 Ne2+ 36. Kf1 Nxc1 37. Bd4 b6 38. Ke1 Nb3 39. Bf6 Kf8 40. Kd1 Ke8 41. Kc2 Na5 42. g4 Kd7 43. f4 Kc6 44. Bd4 Nb7 45. Kc3 a5 46. f5 Nc5 47. fxg6 fxg6 48. h4 Nxa4+ 49. Kd3 Nc5+ 50. Ke3 Ne6 51. Bf6 b5 52. h5 b4 0-1

[Event "Africa-ch"]
[Site "Abuja"]
[Date "2003.10.12"]
[Round "3"]
[White "Aikhoje, Odion"]
[Black "Ahmed, Esam Aly"]
[Result "1/2-1/2"]
[WhiteElo "2278"]
[BlackElo "2408"]
[PlyCount "107"]
[EventDate "2003.10.10"]
[EventType "swiss"]
[EventRounds "9"]
[EventCountry "NGR"]
[SourceTitle "CBM 096 Extra"]
[Source "ChessBase"]
[SourceDate "2003.10.22"]
[SourceVersion "2"]
[SourceVersionDate "2003.10.20"]
[SourceQuality "1"]

1. Nf3 Nf6 2. d4 e6 3. Bg5 d5 4. Nbd2 c5 5. e3 Be7 6. c3 0-0 7. Bd3 b6 8. Ne5 Nfd7 9. Bf4 Nxe5 10. Bxe5 Nc6 11. Bg3 cxd4 12. exd4 Bd6 13. 0-0 f5 14. Bxd6 Qxd6 15. f4 Bd7 16. Qe2 Ne7 17. Nf3 Kh8 18. Rae1 Ng8 19. Ne5 Be8 20. g4 fxg4 21. Qxg4 Rf6 22. f5 Nh6 23. Qg3 exf5 24. Rf2 Bd7 25. Rg2 Rg8 26. Qf4 Bc8 27. Re3 Qf8 28. Nf3 Qd8 29. h4 Ng4 30. Re1 Re8 31. Rge2 Rxe2 32. Rxe2 Rf8 33. Qb8 f4 34. Qxa7 Ne3 35. Ng5 Qf6 36. Bxh7 Bf5 37. Bxf5 Qxf5 38. Qe7 f3 39. Qxf8+ Qxf8 40. Rxe3 Qc8 41. Kf2 g6 42. Nxf3 Qf5 43. a3 Kg7 44. Re5 Qb1 45. Re2 Kh6 46. Kg3 Qc1 47. a4 Qa1 48. Kf4 Qxa4 49. Re6 Qb3 50. Ne5 Qxb2 51. Rxg6+ Kh7 52. Rg3 Qd2+ 53. Kf5 Qf2+ 54. Rf3 1/2-1/2

[Event "Africa-chT 8th"]
[Site "Abuja"]
[Date "2003.10.11"]
[Round "8"]
[White "Sebih, Kamel"]
[Black "Ahmed, Esam Aly"]
[Result "1-0"]
[WhiteElo "2324"]
[BlackElo "2408"]
[PlyCount "56"]
[EventDate "2003.10.05"]
[EventType "team (rapid)"]
[EventRounds "11"]
[EventCountry "NGR"]
[SourceTitle "CBM 096 Extra"]
[Source "ChessBase"]
[SourceDate "2003.10.22"]
[SourceVersion "2"]
[SourceVersionDate "2003.10.20"]
[SourceQuality "1"]
[WhiteTeam "Algeria"]
[BlackTeam "Egypt"]
[WhiteTeamCountry "ALG"]
[BlackTeamCountry "EGY"]

1. d4 Nf6 2. c4 e6 3. Nf3 b6 4. g3 Ba6 5. b3 Bb4+ 6. Bd2 Be7 7. Bg2 d5 8. Ne5 c6 9. Bc3 Nfd7 10. Nxd7 Nxd7 11. Nd2 Rc8 12. 0-0 0-0 13. Rc1 dxc4 14. bxc4 b5 15. Ba1 Qa5 16. Qc2 Nb6 17. Bc3 b4 18. Ba1 c5 19. dxc5 Qxc5 20. Ne4 Qf5 21. c5 Nd5 22. Rfe1 Bb5 23. Qb2 Qg6 24. Nd6 Bxd6 25. cxd6 a5 26. Qe5 Bc6 27. e4 Nf6 28. Qxa5 Nd7 1-0

[Event "Africa-chT 8th"]
[Site "Abuja"]
[Date "2003.10.06"]
[Round "3"]
[White "Adebayo, Adegboyega"]
[Black "Ahmed, Esam Aly"]
[Result "0-1"]
[WhiteElo "2248"]
[BlackElo "2408"]
[PlyCount "137"]
[EventDate "2003.10.05"]
[EventType "team (rapid)"]
[EventRounds "11"]
[EventCountry "NGR"]
[SourceTitle "CBM 096 Extra"]
[Source "ChessBase"]
[SourceDate "2003.10.22"]
[SourceVersion "2"]
[SourceVersionDate "2003.10.20"]
[SourceQuality "1"]
[WhiteTeam "Nigeria"]
[BlackTeam "Egypt"]
[WhiteTeamCountry "NGR"]
[BlackTeamCountry "EGY"]

1. e4 c5 2. Nf3 e6 3. c3 Nf6 4. e5 Nd5 5. d4 cxd4 6. cxd4 d6 7. Nc3 Nxc3 8. bxc3 Nc6 9. exd6 Bxd6 10. Bd3 0-0 11. 0-0 e5 12. dxe5 Nxe5 13. Nxe5 Bxe5 14. Bxh7+ Kxh7 15. Qh5+ Kg8 16. Qxe5 Be6 17. Be3 Re8 18. Bd4 f6 19. Qg3 Bc4 20. Rfd1 Qe7 21. h4 b5 22. h5 Qf7 23. h6 g6 24. Re1 Kh7 25. Qf4 g5 26. Qf5+ Qg6 27. Qd7+ Kxh6 28. Rxe8 Qxe8 29. Qh3+ Qh5 30. Qxh5+ Kxh5 31. Bxf6 a5 32. a3 Re8 33. Rd1 Re2 34. Bd8 a4 35. Rd4 Ra2 36. Be7 Rc2 37. Bb4 Kg6 38. f3 Kf5 39. Kh2 Be2 40. Kh3 Bf1 41. Rg4 Kf6 42. Ba5 Kf5 43. Bb4 Kf6 44. Ba5 Bc4 45. Kh2 Bd5 46. Kg3 Kf5 47. Bd8 Rxc3 48. Rxg5+ Ke6 49. Be7 Kxe7 50. Rxd5 Rb3 51. Kf4 Ke6 52. Re5+ Kd6 53. Rf5 Kc6 54. g4 Rxa3 55. g5 Rd3 56. g6 Rd8 57. Rf6+ Kb7 58. Rf7+ Kb6 59. Rf6+ Ka5 60. Rf7 Ka6 61. g7 Rg8 62. Kf5 a3 63. Rf6+ Ka5 64. Rf7 b4 65. Kg6 b3 66. Rf8 Rxg7+ 67. Kxg7 a2 68. f4 a1Q+ 69. Rf6 0-1

[Event "Cairo Misr 1st"]
[Site "Cairo"]
[Date "2003.09.10"]
[Round "11"]
[White "Adly, Ahmed"]
[Black "Ahmed, Esam Aly"]
[Result "1-0"]
[WhiteElo "2429"]
[BlackElo "2403"]
[PlyCount "79"]
[EventDate "2003.09.01"]
[EventType "tourn"]
[EventRounds "11"]
[EventCountry "EGY"]
[EventCategory "9"]
[SourceTitle "CBM 096 Extra"]
[Source "ChessBase"]
[SourceDate "2003.10.22"]
[SourceVersion "2"]
[SourceVersionDate "2003.10.20"]
[SourceQuality "1"]

1. d4 d6 2. Nf3 Bg4 3. c4 Nf6 4. Nc3 c6 5. g3 Nbd7 6. Bg2 e5 7. 0-0 Be7 8. d5 cxd5 9. cxd5 a6 10. a4 Rc8 11. Be3 0-0 12. Nd2 Ne8 13. Qb3 f5 14. f3 f4 15. Bf2 Bf5 16. Qxb7 Rb8 17. Qxa6 Rxb2 18. Nde4 Nc5 19. Qc4 Nxe4 20. fxe4 Bg4 21. a5 fxg3 22. hxg3 Bg5 23. a6 Rxf2 24. Rxf2 Be3 25. a7 Nc7 26. Nd1 Bxf2+ 27. Nxf2 Bxe2 28. Qxc7 Qxc7 29. a8Q+ Rb8 30. Qc6 Qe7 31. Ra8 Rxa8 32. Qxa8+ Kf7 33. Qc8 g6 34. Qh8 h5 35. Qh6 Qd8 36. Bh3 Qf6 37. Be6+ Ke8 38. Qh7 Kf8 39. Qh6+ Ke8 40. Bf5 1-0

[Event "Cairo Misr 1st"]
[Site "Cairo"]
[Date "2003.09.09"]
[Round "10"]
[White "Ahmed, Esam Aly"]
[Black "Jonkman, Harmen"]
[Result "0-1"]
[WhiteElo "2403"]
[BlackElo "2424"]
[PlyCount "88"]
[EventDate "2003.09.01"]
[EventType "tourn"]
[EventRounds "11"]
[EventCountry "EGY"]
[EventCategory "9"]
[SourceTitle "CBM 096 Extra"]
[Source "ChessBase"]
[SourceDate "2003.10.22"]
[SourceVersion "2"]
[SourceVersionDate "2003.10.20"]
[SourceQuality "1"]

1. e4 e5 2. Nf3 Nc6 3. Bb5 Nf6 4. 0-0 Nxe4 5. Re1 Nd6 6. Nc3 Nxb5 7. Nxe5 Be7 8. Nxb5 Nxe5 9. Rxe5 0-0 10. Nc3 c6 11. Re1 d5 12. d4 Bd6 13. Ne2 Qh4 14. Ng3 f5 15. Nf1 f4 16. f3 Qf6 17. b3 Bb4 18. Re5 Bd6 19. Re1 b5 20. Bb2 a5 21. a3 Bf5 22. Qd2 g5 23. Rac1 a4 24. b4 Ra7 25. Qc3 Bb8 26. Re2 Rg7 27. Nd2 h5 28. Rce1 Bd7 29. Re5 g4 30. Rxh5 Qg6 31. Rh4 Qg5 32. Rxg4 Bxg4 33. fxg4 f3 34. gxf3 Bxh2+ 35. Kg2 Qh4 36. Qe3 Qg3+ 37. Kf1 Qxg4 38. Ke2 Qf5 39. Kd1 Bf4 40. Qe6+ Qxe6 41. Rxe6 Rg1+ 42. Re1 Rxe1+ 43. Kxe1 Bxd2+ 44. Kxd2 Rxf3 0-1

[Event "Cairo Misr 1st"]
[Site "Cairo"]
[Date "2003.09.07"]
[Round "8"]
[White "Ahmed, Esam Aly"]
[Black "Amin, Bassem"]
[Result "1/2-1/2"]
[WhiteElo "2403"]
[BlackElo "2342"]
[PlyCount "120"]
[EventDate "2003.09.01"]
[EventType "tourn"]
[EventRounds "11"]
[EventCountry "EGY"]
[EventCategory "9"]
[SourceTitle "CBM 096 Extra"]
[Source "ChessBase"]
[SourceDate "2003.10.22"]
[SourceVersion "2"]
[SourceVersionDate "2003.10.20"]
[SourceQuality "1"]

1. e4 e5 2. Nf3 Nc6 3. Bb5 a6 4. Ba4 Nf6 5. d4 Nxe4 6. Qe2 b5 7. d5 Nf6 8. dxc6 bxa4 9. Nxe5 Qe7 10. cxd7+ Nxd7 11. Bf4 f6 12. Nc4 Qxe2+ 13. Kxe2 Bb7 14. Nc3 a3 15. bxa3 0-0-0 16. Rhd1 Bxg2 17. Ne3 Bb7 18. Ncd5 c6 19. Nc7 g5 20. Bg3 Bxa3 21. Rd3 Bb2 22. Rb1 Ne5 23. Rxb2 Kxc7 24. Nc4 Rd5 25. Nxe5 Re8 26. c4 Rxd3 27. Kxd3 fxe5 28. c5 Rd8+ 29. Ke4 Rd5 30. Bxe5+ Kc8 31. Bd6 a5 32. Rb3 Ba6 33. Rb8+ Kd7 34. Ra8 Bd3+ 35. Ke3 Bc4 36. Rxa5 Rd3+ 37. Ke4 Rd2 38. Ra7+ Ke6 39. Rxh7 Bd5+ 40. Ke3 Rxa2 41. Rh5 Ra3+ 42. Kd4 Kf6 43. Be5+ Kg6 44. Rh8 Ra4+ 45. Kd3 Ra3+ 46. Bc3 Ra2 47. Rf8 g4 48. Ke3 Ra3 49. Kd4 Ra4+ 50. Ke5 Ra3 51. Rf6+ Kh7 52. Bd4 Rh3 53. Kf4 Rxh2 54. Kg5 Kg8 55. Kxg4 Rh7 56. Rd6 Re7 57. Kf5 Be4+ 58. Kg5 Rf7 59. Bf6 Ra7 60. f4 Ra2 1/2-1/2

[Event "Cairo Misr 1st"]
[Site "Cairo"]
[Date "2003.09.06"]
[Round "6"]
[White "Ahmed, Esam Aly"]
[Black "Ezat, Mohamed Mahmoud"]
[Result "1-0"]
[WhiteElo "2403"]
[BlackElo "2410"]
[PlyCount "63"]
[EventDate "2003.09.01"]
[EventType "tourn"]
[EventRounds "11"]
[EventCountry "EGY"]
[EventCategory "9"]
[SourceTitle "CBM 096 Extra"]
[Source "ChessBase"]
[SourceDate "2003.10.22"]
[SourceVersion "2"]
[SourceVersionDate "2003.10.20"]
[SourceQuality "1"]

1. e4 c6 2. d4 d5 3. exd5 cxd5 4. c4 Nf6 5. Nc3 g6 6. Nf3 Bg7 7. Bg5 0-0 8. Bxf6 Bxf6 9. Nxd5 Bg7 10. Ne3 Nc6 11. d5 Qa5+ 12. Ke2 Bxb2 13. dxc6 Rd8 14. Qe1 Bc3 15. Qc1 bxc6 16. a3 Rb8 17. Ra2 Bf5 18. Nd2 Bd3+ 19. Kf3 Bxd2 20. Rxd2 Be4+ 21. Ke2 Rxd2+ 22. Qxd2 Qe5 23. f4 Qxf4 24. Nd1 Qe5 25. Qc3 Qh5+ 26. Ke1 Rd8 27. Be2 Qg5 28. Rf1 Qxg2 29. Qe5 Bf5 30. Qxe7 Rd7 31. Qe8+ Kg7 32. Ne3 1-0

[Event "Abu Dhabi op 13th"]
[Site "Abu Dhabi"]
[Date "2003.08.20"]
[Round "5"]
[White "Ahmed, Esam Aly"]
[Black "Bagirov, Rufat"]
[Result "1-0"]
[WhiteElo "2403"]
[BlackElo "2507"]
[PlyCount "109"]
[EventDate "2003.08.16"]
[EventType "swiss"]
[EventRounds "9"]
[EventCountry "UAE"]
[SourceTitle "CBM 097"]
[Source "ChessBase"]
[SourceDate "2003.11.11"]
[SourceVersion "1"]
[SourceVersionDate "2003.11.11"]
[SourceQuality "1"]

1. d4 d5 2. Nf3 Nf6 3. c4 e6 4. Nc3 Bb4 5. Bg5 Nbd7 6. e3 c5 7. cxd5 exd5 8. Bd3 Qa5 9. 0-0 c4 10. Bf5 Bxc3 11. bxc3 0-0 12. Qc2 Re8 13. Nd2 g6 14. Bxd7 Nxd7 15. h4 Nb6 16. f3 Bd7 17. e4 Qa3 18. exd5 f5 19. Rab1 Rac8 20. Rb4 Nxd5 21. Rxb7 Bc6 22. Rb2 Ba4 23. Nb1 Bxc2 24. Nxa3 Bd3 25. Rc1 Rb8 26. Rb5 Rxb5 27. Nxb5 a6 28. Nd6 Re2 29. Nb7 Kg7 30. Nc5 h6 31. Bd8 Nf4 32. Bc7 Nxg2 33. d5 Nxh4 34. Ne6+ Kf7 35. Nd4 Re7 36. d6 Rd7 37. Kf2 g5 38. Re1 f4 39. Nc6 Ng6 40. Nb8 Bf5 41. Nxd7 Bxd7 42. Bd8 Be6 43. Rh1 Nh4 44. Rb1 Nf5 45. Rb7+ Ke8 46. Bf6 Bd7 47. Ra7 Nxd6 48. Rxa6 Nf5 49. a4 Kf7 50. a5 Ne3 51. Rd6 Bc8 52. Bd4 Nf5 53. Rc6 Be6 54. a6 Nxd4 55. cxd4 1-0

[Event "Linares Anibal op 10th"]
[Site "Linares"]
[Date "2003.03.08"]
[Round "9"]
[White "Pogorelov, Ruslan"]
[Black "Ahmed, Esam Aly"]
[Result "0-1"]
[WhiteElo "2517"]
[BlackElo "2395"]
[PlyCount "72"]
[EventDate "2003.02.28"]
[EventType "swiss"]
[EventRounds "10"]
[EventCountry "ESP"]
[SourceTitle "CBM 093 Extra"]
[Source "ChessBase"]
[SourceDate "2003.05.09"]
[SourceVersion "1"]
[SourceVersionDate "2003.05.09"]
[SourceQuality "1"]

1. Nf3 Nf6 2. c4 e6 3. Nc3 c5 4. g3 d5 5. cxd5 Nxd5 6. Bg2 Be7 7. 0-0 Nc6 8. d4 Nf6 9. dxc5 0-0 10. Bg5 Qa5 11. Rc1 Qxc5 12. Ne4 Qb4 13. Nxf6+ gxf6 14. Bh6 Rd8 15. Qc2 e5 16. a3 Qg4 17. Be3 f5 18. b4 a6 19. Bb6 Re8 20. Qd2 Qg7 21. Ne1 e4 22. f3 Bf6 23. e3 Be6 24. fxe4 fxe4 25. Bxe4 Ne5 26. Bd4 Rad8 27. Nd3 Ng4 28. Bxf6 Nxf6 29. Bxb7 Re7 30. Bc6 Qh6 31. Qe2 Bh3 32. Rfe1 Ng4 33. Nf4 Rxe3 34. Qc2 Rc8 35. Nxh3 Rxc6 36. Qg2 Qe6 0-1

[Event "EGY-ch 3rd Stage"]
[Site "Cairo"]
[Date "2003.02.03"]
[Round "9"]
[White "El Gindy, Essam"]
[Black "Ahmed, Esam Aly"]
[Result "1-0"]
[WhiteElo "2467"]
[BlackElo "2395"]
[PlyCount "120"]
[EventDate "2003.01.25"]
[EventType "tourn"]
[EventRounds "11"]
[EventCountry "EGY"]
[EventCategory "5"]
[SourceTitle "CBM 092 Extra"]
[Source "ChessBase"]
[SourceDate "2003.03.07"]
[SourceVersion "1"]
[SourceVersionDate "2003.03.07"]
[SourceQuality "1"]

1. d4 Nf6 2. c4 g6 3. Nc3 Bg7 4. e4 0-0 5. f4 d6 6. Nf3 a6 7. Be3 c6 8. a4 Qa5 9. Qd2 Bg4 10. Be2 Bxf3 11. Bxf3 e5 12. fxe5 dxe5 13. d5 Nbd7 14. 0-0 Qb4 15. Nb1 Qd6 16. a5 cxd5 17. cxd5 Rfc8 18. Nc3 b5 19. axb6 Nxb6 20. Qe2 Rc4 21. Kh1 Nfd7 22. Qf2 Rb4 23. Be2 Rxb2 24. Rxa6 Qf8 25. Rxa8 Nxa8 26. d6 Nab6 27. Bg5 h6 28. Be7 Qc8 29. Nd1 Rd2 30. Qxf7+ Kh7 31. Bg4 Qa8 32. Be6 Nc5 33. Bh3 Nxe4 34. Qxg6+ Kxg6 35. Bf5+ Kf7 36. Bxe4+ Ke6 37. Bxa8 Nxa8 38. Nc3 Nb6 39. Ne4 Rc2 40. Rd1 Nd5 41. Bh4 Rc4 42. Re1 Nf6 43. Bxf6 Bxf6 44. Kg1 Rd4 45. Kf2 Bd8 46. Kf3 Bb6 47. Kg4 Bd8 48. Re2 Rc4 49. h4 Rd4 50. g3 Kd5 51. Kf5 Rd3 52. Rd2 Rxd2 53. Nxd2 Kxd6 54. Ne4+ Kd5 55. h5 Be7 56. g4 Kd4 57. g5 hxg5 58. Nxg5 Kd5 59. Ne6 e4 60. h6 Bd6 1-0

[Event "Olympiad-35"]
[Site "Bled"]
[Date "2002.11.07"]
[Round "12.2"]
[White "Iordachescu, Viorel"]
[Black "Ahmed, Esam Aly"]
[Result "1-0"]
[WhiteElo "2567"]
[BlackElo "2394"]
[PlyCount "55"]
[EventDate "2002.10.26"]
[EventType "team-swiss"]
[EventRounds "14"]
[EventCountry "SLO"]
[SourceTitle "EXT 2003"]
[Source "ChessBase"]
[SourceDate "2002.11.25"]
[SourceVersion "1"]
[SourceVersionDate "2002.11.25"]
[SourceQuality "1"]
[WhiteTeam "Moldova"]
[BlackTeam "Egypt"]
[WhiteTeamCountry "MDA"]
[BlackTeamCountry "EGY"]

1. e4 c5 2. Nf3 e6 3. d4 cxd4 4. Nxd4 a6 5. Nc3 Qc7 6. Bd3 Nf6 7. f4 d6 8. Qf3 b5 9. g4 Bb7 10. g5 Nfd7 11. h4 Nc6 12. Be3 Nc5 13. Nxc6 Qxc6 14. a3 0-0-0 15. 0-0-0 Qc7 16. Kb1 d5 17. exd5 Rxd5 18. Nxd5 Bxd5 19. Qh3 Bxh1 20. Qxh1 Qb7 21. Qxb7+ Kxb7 22. Be2 Kc7 23. c4 bxc4 24. Rc1 Kb7 25. Rxc4 Nd7 26. Bf3+ Kb8 27. Bc6 Kc7 28. Ba4+ 1-0

[Event "Olympiad-35"]
[Site "Bled"]
[Date "2002.11.04"]
[Round "9.2"]
[White "Ahmed, Esam Aly"]
[Black "Dominguez, Jose Manuel"]
[Result "1-0"]
[WhiteElo "2394"]
[BlackElo "2323"]
[PlyCount "76"]
[EventDate "2002.10.26"]
[EventType "team-swiss"]
[EventRounds "14"]
[EventCountry "SLO"]
[SourceTitle "EXT 2003"]
[Source "ChessBase"]
[SourceDate "2002.11.25"]
[SourceVersion "1"]
[SourceVersionDate "2002.11.25"]
[SourceQuality "1"]
[WhiteTeam "Egypt"]
[BlackTeam "Dominican Rep"]
[WhiteTeamCountry "EGY"]
[BlackTeamCountry "DOM"]

1. e4 e5 2. Nf3 Nc6 3. Bb5 g6 4. c3 d6 5. d4 Bd7 6. dxe5 dxe5 7. Bg5 Be7 8. Bxe7 Qxe7 9. Nbd2 Nf6 10. 0-0 0-0-0 11. Re1 g5 12. Qc2 Ng4 13. Nc4 f6 14. Qe2 h5 15. Nfd2 Kb8 16. a4 Rhf8 17. b4 f5 18. f3 Nxh2 19. exf5 g4 20. Kxh2 Bxf5 21. Kg1 Qh4 22. Ne3 g3 23. Nef1 Bd7 24. Ne4 Qf4 25. Rad1 h4 26. Nc5 Bc8 27. Bxc6 bxc6 28. Rxd8 Rxd8 29. Qxe5 Qxe5 30. Rxe5 Rd1 31. Rh5 a5 32. Rxh4 Ka7 33. Ne4 axb4 34. cxb4 Rd4 35. Nfxg3 Rxb4 36. Rh8 Be6 37. Nc5 Bd5 38. Nge4 Rc4 1-0

[Event "Olympiad-35"]
[Site "Bled"]
[Date "2002.11.01"]
[Round "7.1"]
[White "Ahmed, Esam Aly"]
[Black "Graf, Alexander"]
[Result "0-1"]
[WhiteElo "2394"]
[BlackElo "2635"]
[PlyCount "108"]
[EventDate "2002.10.26"]
[EventType "team-swiss"]
[EventRounds "14"]
[EventCountry "SLO"]
[SourceTitle "EXT 2003"]
[Source "ChessBase"]
[SourceDate "2002.11.25"]
[SourceVersion "1"]
[SourceVersionDate "2002.11.25"]
[SourceQuality "1"]
[WhiteTeam "Egypt"]
[BlackTeam "Germany"]
[WhiteTeamCountry "EGY"]
[BlackTeamCountry "GER"]

1. e4 c5 2. Nf3 e6 3. d4 cxd4 4. Nxd4 Nf6 5. Nc3 d6 6. g4 Nc6 7. g5 Nd7 8. Be3 a6 9. Rg1 Qc7 10. h4 b5 11. Nxc6 Qxc6 12. Bg2 Qc7 13. Qd4 Rb8 14. a3 Ne5 15. f4 Nc4 16. Nd1 Bb7 17. Bf2 e5 18. Qc3 d5 19. fxe5 Rd8 20. exd5 Bxd5 21. Ne3 Bxg2 22. Nxc4 Bb7 23. Ne3 Qxc3+ 24. bxc3 Rc8 25. c4 Bc5 26. cxb5 axb5 27. Rb1 Ba6 28. Nd5 0-0 29. Nb4 Bb7 30. Rg3 Rfe8 31. Bxc5 Rxc5 32. Nd3 Rxc2 33. Rxb5 Ba6 34. Ra5 Bc4 35. Nb4 Re2+ 36. Kd1 Rh2 37. Nc6 Rxh4 38. Kd2 Be6 39. Rd3 Rg4 40. Ra7 Rxg5 41. a4 h5 42. a5 h4 43. Rd4 Rg2+ 44. Ke3 g5 45. Rb7 Ra2 46. Rb1 Kg7 47. Rg1 Kh6 48. Rd6 Kh5 49. Nd4 Rxa5 50. Ke4 Bc8 51. Nf3 Ra4+ 52. Nd4 Bg4 53. Rf6 h3 54. Kd3 Rxe5 0-1

[Event "Arab-ch"]
[Site "Casablanca"]
[Date "2002.09.04"]
[Round "9"]
[White "Mansour, Sameer"]
[Black "Ahmed, Esam Aly"]
[Result "1-0"]
[WhiteElo "2248"]
[BlackElo "2424"]
[PlyCount "82"]
[EventDate "2002.08.26"]
[EventType "swiss"]
[EventRounds "9"]
[EventCountry "MAR"]
[SourceTitle "CBM 090 Extra"]
[Source "ChessBase"]
[SourceDate "2002.11.07"]
[SourceVersion "1"]
[SourceVersionDate "2002.11.07"]
[SourceQuality "1"]

1. e4 c5 2. Nf3 e6 3. d4 cxd4 4. Nxd4 a6 5. Bd3 g6 6. 0-0 Bg7 7. Be3 Ne7 8. Nc3 Nbc6 9. Nxc6 bxc6 10. Qd2 0-0 11. Bh6 Bxh6 12. Qxh6 f6 13. Bc4 Qc7 14. Rad1 f5 15. Bb3 fxe4 16. Nxe4 d5 17. Nc5 a5 18. c4 Rf5 19. cxd5 cxd5 20. Qc1 Rb8 21. Rfe1 Rb6 22. Nd3 Qb8 23. Qc5 Qa7 24. Rc1 Ba6 25. Rxe6 Rb7 26. Qxa7 Rxa7 27. Ne5 Kg7 28. Nc6 Nxc6 29. Rexc6 Re5 30. R6c5 Rae7 31. h4 Re1+ 32. Rxe1 Rxe1+ 33. Kh2 d4 34. Rxa5 Be2 35. Rd5 d3 36. Bc4 Rd1 37. b3 Rd2 38. a4 Bf1 39. Kg3 Rc2 40. Kf3 Rc1 41. a5 Rc3 1-0

[Event "Tanta op 5th"]
[Site "Tanta"]
[Date "2002.05.19"]
[Round "6"]
[White "Ahmed, Esam Aly"]
[Black "Kengis, Edvins"]
[Result "0-1"]
[WhiteElo "2395"]
[BlackElo "2577"]
[PlyCount "86"]
[EventDate "2002.05.13"]
[EventType "swiss"]
[EventRounds "9"]
[EventCountry "EGY"]
[SourceTitle "CBM 088 Extra"]
[Source "ChessBase"]
[SourceDate "2002.07.01"]
[SourceVersion "2"]
[SourceVersionDate "2002.07.01"]
[SourceQuality "1"]

1. d4 Nf6 2. Nf3 e6 3. c4 b6 4. g3 Ba6 5. Qa4 Bb7 6. Bg2 c5 7. 0-0 cxd4 8. Nxd4 Bxg2 9. Kxg2 Qc8 10. Nc3 Qb7+ 11. f3 Be7 12. Rd1 0-0 13. Bg5 Rc8 14. Rac1 a6 15. Qb3 Nc6 16. Na4 Nxd4 17. Rxd4 b5 18. Rcd1 d5 19. cxb5 axb5 20. Nc3 h6 21. Bxf6 Bxf6 22. Rb4 Bxc3 23. bxc3 Qa6 24. Rd2 Rc5 25. Rb2 Rac8 26. Rxb5 Rxc3 27. Qd1 Qa7 28. Rb7 Qe3 29. Qd2 Qxd2 30. Rxd2 Ra3 31. Kf2 Rca8 32. Rbb2 g5 33. Ke1 Kg7 34. Kd1 h5 35. Kc1 g4 36. fxg4 hxg4 37. Rdc2 Rh8 38. Rc7 Rxh2 39. Rb4 Rxg3 40. Rf4 Rxe2 41. Rcxf7+ Kg6 42. Kb1 Rg1+ 43. Rf1 Re1+ 0-1

[Event "Tanta op 5th"]
[Site "Tanta"]
[Date "2002.05.13"]
[Round "1"]
[White "Sameeh, Hany"]
[Black "Ahmed, Esam Aly"]
[Result "1-0"]
[WhiteElo "2333"]
[BlackElo "2395"]
[PlyCount "111"]
[EventDate "2002.05.13"]
[EventType "swiss"]
[EventRounds "9"]
[EventCountry "EGY"]
[SourceTitle "CBM 088 Extra"]
[Source "ChessBase"]
[SourceDate "2002.07.01"]
[SourceVersion "2"]
[SourceVersionDate "2002.07.01"]
[SourceQuality "1"]

1. e4 c5 2. Nf3 e6 3. d4 cxd4 4. Nxd4 a6 5. Bd3 Nf6 6. 0-0 Qc7 7. c4 Nc6 8. Nxc6 dxc6 9. Nc3 e5 10. Be3 Be6 11. Be2 b5 12. Qc2 Be7 13. Rac1 Qb8 14. f3 0-0 15. Nd1 Nd7 16. c5 a5 17. b3 a4 18. b4 a3 19. Nc3 Qe8 20. Rfd1 Nb8 21. Rb1 Na6 22. Rd2 f6 23. Nd1 Qf7 24. Nf2 Rfd8 25. Rxd8+ Bxd8 26. Qc3 Nc7 27. Bd1 Bxa2 28. Ra1 Kf8 29. Bc1 Bc4 30. Rxa3 Rxa3 31. Qxa3 Qd7 32. Be3 Ne6 33. g3 Qb7 34. Kg2 Nc7 35. f4 exf4 36. gxf4 Ne6 37. f5 Nc7 38. Bf4 Qa6 39. Qh3 Ne8 40. Qxh7 Bg8 41. Qh8 Qa2 42. Qh3 Qb2 43. Qd3 Be7 44. Qd2 Qxd2 45. Bxd2 Bd8 46. Nd3 Nc7 47. Bf3 Na6 48. e5 Bc4 49. Nf4 Bc7 50. Ng6+ Kg8 51. e6 Nb8 52. Be4 Be2 53. h4 Be5 54. Bf3 Bxf3+ 55. Kxf3 Bh2 56. Bf4 1-0

[Event "Golden Cleopatra op 6th"]
[Site "Cairo"]
[Date "2002.04.14"]
[Round "8"]
[White "Ahmed, Esam Aly"]
[Black "Salem, Zahed"]
[Result "1/2-1/2"]
[WhiteElo "2382"]
[BlackElo "2252"]
[PlyCount "22"]
[EventDate "2002.04.07"]
[EventType "swiss"]
[EventRounds "11"]
[EventCountry "EGY"]
[SourceTitle "CBM 087 Extra"]
[Source "ChessBase"]
[SourceDate "2002.05.03"]
[SourceVersion "2"]
[SourceVersionDate "2002.08.09"]
[SourceQuality "1"]

1. e4 c5 2. Nf3 Nf6 3. Nc3 d5 4. Bb5+ Bd7 5. Qe2 dxe4 6. Nxe4 Nxe4 7. Bxd7+ Qxd7 8. Qxe4 Nc6 9. 0-0 e6 10. Re1 Be7 11. d3 0-0 1/2-1/2